00610nam a2200169 i 450000100060000000300090000600500170001500700030003200800410003510000280007624500860010426000500019030000210024050000980026171000470035985200340040627037ES-MaACL20230906153540.0t|030113s1953 sp ||||1| spa d1 aArribas Palau, Mariano.14aUna embajada marroquí enviada a España en 1792 / cpor Mariano Arribas Palau. aTetuán : b[s.n., c1953] (fImp. Cremades) a47 p. ; c22 cm. aPrecede a tít.: Alta Comisaría de España en Marruecos. Centro de Estudios Marroquíes.2 aCentro de Estudios Marroquíes (Tetuán) aES-MaACLj1996-F-11 bR.38855